000 00767nam a2200253Ia 4500
003 OSt
005 20220918170105.0
006 a|||||r|||| 00| 0
007 ta
008 220917b |||||||| |||| 00| 0 eng d
020 _a8189766708 (hbk)
_c425
024 _a244,361
037 _b683/10-11, 01/11/2010, Vitasta Publishing Pvt.Ltd.
_cTextual
040 _aARTS
_cARTS
_beng
041 _2eng
_aeng
082 _aV243.N9, P9
100 _aSethi R.S.
_926976
245 0 _aPunjab problem
_b Is peace final?
260 _aNew Delhi
_bVitasta Publishing India
_c2009
300 _a167p.
_ccm.
650 _aHISTORY
942 _hV243.N9, P9
_cTEXL
_2CC
999 _c132511
_d132511